000
00245nmm a2200085Ia 4500
008
220120s9999||||xx |||||||||||||||||und||
100
_a
Digit
245
0
_a
25 free horror games,trailors and wallpapers, games com 13 &
260
_a
Nine dot Nine
_c
2013
999
_c
139869
_d
139869